| 000 | 00640nam a2200181Ia 4500 | ||
|---|---|---|---|
| 003 | GCL | ||
| 008 | 140319s9999 xx 000 0 ara d | ||
| 040 |
_aGCL / _cGCL |
||
| 082 | 0 | 4 |
_a334 _bك م |
| 100 | 1 | _aكمال حمدى ابوالخير | |
| 245 | 1 | 0 |
_aمشكلات البنيان التعاونى بين التشريع التعاونى والتطبيق / _cكمال حمدى ابوالخير |
| 490 |
_aالهيئة العامة للاستعلامات _v0 |
||
| 650 | 0 | 4 | _aالاقتصاد |
| 650 | 0 | 4 | _aالاحوال الاقتصادية |
| 650 | 0 | 4 | _aالتعاون |
| 650 | 0 | 4 | _aالتعاون , اقتصاد |
| 942 |
_2ddc _cBK |
||
| 999 |
_c50112 _d50112 |
||